000 00691nam a22001937a 4500
999 _c11445
_d11445
003 AR-CdUCM
008 190404b ||||| |||| 00| 0 spa d
040 _aMUNICIPALIDAD PROVINCIAL DEL CUSCO
_cBIBLIOTECA MUNICIPAL DEL CUSCO
082 _aES / 373.460 /
_bR74
100 _aRodriguez A., Sergio
_928812
245 _aComunicacion y vida 4 :
_bTalleres: Texto-Literatura-Lengua- Comunicacion audiovisual /
300 _a191 páginas ;
_bIlustraciones,
_c28 cm.
505 _aContenido: Libro educación secundaria de lenguaje.
650 _aEducación secundaria
_94648
650 _aLibro escolar
_928813
650 _aLengua y literatura
_928814
942 _2ddc
_cLIBROS
945 _adavv